Devine le personnage disney/pixar #8 - Statistiques

Statistiques générales
  • Ce quiz a été pris 359 fois
  • Le résultat moyen est 5 sur 10
Statistiques - réponses
Hint Indice Réponse % Correct
10 Voeux, lampe Le génie
88%
1 Demi dieu, tatouage Maui
68%
9 Poisson, jaune et bleu Polochon
67%
8 Robot, blanc Eve
57%
7 Chien, collier, parler Doug
43%
2 Chateau, malédiction, rencontre La bête
40%
6 Guitare, oublié, famille Hector
39%
3 Père de famille, rouge, force Bob Parr
34%
5 Salamandre, foret, bleu Bruni
18%
4 Poupée, boite vocale Gaby Gaby
18%
Aucun quiz correspondant
Distribution des résultats
% des personnes avec chaque résultat
Percentile par nombre de réponses
Votre historique - résultats
Vous n’avez pas pris ce quiz